Âm nhạc 7
Sách giới thiệu chung về môn Âm nhạc 7 và những bài hướng dẫn cụ thể các bài hát trong sách giáo khoa. Giúp giáo viên đạt hiệu quả cao trong giảng dạy.
Сохранить в:
| Главный автор: | |
|---|---|
| Формат: | |
| Язык: | Undetermined |
| Опубликовано: |
Hà Nội
Giáo dục
2009
|
| Предметы: | |
| Метки: |
Добавить метку
Нет меток, Требуется 1-ая метка записи!
|
| Thư viện lưu trữ: | Trung tâm Học liệu Trường Đại học Cần Thơ |
|---|
| LEADER | 00805nam a2200217Ia 4500 | ||
|---|---|---|---|
| 001 | CTU_159069 | ||
| 008 | 210402s9999 xx 000 0 und d | ||
| 020 | |c 4200 | ||
| 082 | |a 780.712 | ||
| 082 | |b L431/L.7 | ||
| 100 | |a Hoàng, Long | ||
| 245 | 0 | |a Âm nhạc 7 | |
| 245 | 0 | |c Hoàng Long (Chủ biên), Lê Minh Châu | |
| 260 | |a Hà Nội | ||
| 260 | |b Giáo dục | ||
| 260 | |c 2009 | ||
| 520 | |a Sách giới thiệu chung về môn Âm nhạc 7 và những bài hướng dẫn cụ thể các bài hát trong sách giáo khoa. Giúp giáo viên đạt hiệu quả cao trong giảng dạy. | ||
| 650 | |a Music | ||
| 650 | |x Study and teaching (Secondary) | ||
| 904 | |i Bé Ba, Bạch Trúc | ||
| 980 | |a Trung tâm Học liệu Trường Đại học Cần Thơ | ||